<?xml version="1.0" encoding="UTF-8"?>
<collection xmlns="http://www.loc.gov/MARC21/slim">
 <record>
  <leader>00436cam a2200205 7i4500</leader>
  <controlfield tag="001">0000015586</controlfield>
  <controlfield tag="005">20150508090000.0</controlfield>
  <datafield tag="090" ind1="0" ind2="0">
   <subfield code="a">570/CAM </subfield>
  </datafield>
  <datafield tag="100" ind1="1" ind2=" ">
   <subfield code="a">Bradfield, Phil </subfield>
  </datafield>
  <datafield tag="245" ind1="1" ind2="0">
   <subfield code="a">Cambridge international AS and A level biology : teacher's resource / by Phil Bradfield ... [et al.].</subfield>
  </datafield>
  <datafield tag="999" ind1=" " ind2=" ">
   <subfield code="a">5000001105</subfield>
   <subfield code="b">CD-ROM</subfield>
   <subfield code="c">Green Spot</subfield>
  </datafield>
 </record>
</collection>
